logo

Bir Sreshtho Munshi Abdur Rouf Library
Jhenaidah Cadet College

অর্থনীতি দ্বিতীয় পত্র : একাদশ দ্বাদশ শ্রেণি / (Record no. 5209)

MARC details
000 -LEADER
fixed length control field 00730nam a2200217 a 4500
001 - CONTROL NUMBER
JCCL Control Number 5209
003 - CONTROL NUMBER IDENTIFIER
JCCL marc code BD-JhCC
005 - DATE AND TIME OF LATEST TRANSACTION
control field 20171210173635.0
008 - FIXED-LENGTH DATA ELEMENTS--GENERAL INFORMATION
fixed length control field 171210s2014 bg ||||| |||| 00| 0 ben d
035 ## - SYSTEM CONTROL NUMBER
system control number (BD-JhCC)5209
040 ## - CATALOGING SOURCE
Original cataloging agency BD-JhCC
Modifying agency BD-JhCC
041 ## - LANGUAGE CODE
Language code of Book ben
082 ## - DEWEY DECIMAL CLASSIFICATION NUMBER
Classification number 330
Author mark and Year NAT 2014
100 ## - MAIN ENTRY--PERSONAL NAME
Personal name নাথ, রণজিত কুমার
245 ## - TITLE STATEMENT
Title অর্থনীতি দ্বিতীয় পত্র : একাদশ দ্বাদশ শ্রেণি /
Statement of responsibility, etc রণজিত কুমার নাথ
260 ## - PUBLICATION, DISTRIBUTION, ETC. (IMPRINT)
Place of publication, distribution, etc ঢাকা :
Name of publisher, distributor, etc হাসান বুক হাউস,
Date of publication, distribution, etc 2014.
300 ## - PHYSICAL DESCRIPTION
Pagination 324 p. :
Dimensions 23 cm.
650 ## - SUBJECT ADDED ENTRY--TOPICAL TERM
Topical term or geographic name as entry element Economics
General subdivision Study and Teaching
942 ## - ADDED ENTRY ELEMENTS (KOHA)
Source of classification or shelving scheme Dewey Decimal Classification
Koha item type Books
Holdings
Source of classification or shelving scheme Damaged status Not for loan Home library Current library Shelving location Date of accession Cost, normal purchase price Total Checkouts Full call number Barcode Date last seen Copy number Koha item type
Dewey Decimal Classification     JCC Rouf Library JCC Rouf Library General Stacks 12/10/2017 155.00   330 NAT 2014 7149 12/10/2017 C- 1 Books
Dewey Decimal Classification     JCC Rouf Library JCC Rouf Library General Stacks 12/17/2017 170.00   330 NAT 2014 7585 12/17/2017 C-2 Books
Dewey Decimal Classification     JCC Rouf Library JCC Rouf Library General Stacks 12/17/2017 170.00   330 NAT 2014 7584 12/17/2017 C-3 Books

JCC Library | Contacts | JCC Home

Last Update on 23 September 2017
Copyright @ 2017-2020 JCC Rouf Library
Rouf Library, Jhenidah Cadet College (JCC), Bangladesh